00946nam a2200277 a 450000100060000000300080000600500170001400800410003103500190007203500190009104000320011004100130014208200270015510000340018224500480021626000440026430000280030849000340033650400410037065000310041183000190044283000320046194200120049399900170050595201460052222982BD-RjUL20211209000858.0140309r19511914enk b 000 1 eng d a(BD-RjUL)23047 a(OCoLC)9580081 aDLCcOUNdEQOdBD-RjULbeng1 aenghfro04220a891.6631bTRA 19511 aTroyes, Chrétien de.97087510aArthurian romances /cChrétien de Troyes. aLondon :bDent,c1914 [reprinted 1951]. axviii, 377 p. ;c19 cm.1 aEveryman's library ;vno. 698 aIncludes bibliographical references. 0aArthurian romances.970876 0vno. 698970885 0aEveryman's library ;970886 2ddccBK c22982d22982 00102ddc40728FICaRUCLbRUCLcReadingd1955-09-21eB.H Black well.g55.00l0o891.6631 TRA 1951r2014-03-09 00:00:00tC-1w2014-03-09yBK